Constructionline short of target (Record no. 68188)

MARC details
000 -LEADER
fixed length control field 01086cam a2200241 4500
001 - CONTROL NUMBER
control field WB3733-02
008 - FIXED-LENGTH DATA ELEMENTS--GENERAL INFORMATION
fixed length control field 010906n2001 000 0 eng u
035 ## - SYSTEM CONTROL NUMBER
System control number (Sirsi) u114469
245 ## - TITLE STATEMENT
Title Constructionline short of target
260 ## - PUBLICATION, DISTRIBUTION, ETC.
Date of publication, distribution, etc. 2001
490 ## - SERIES STATEMENT
Series statement Contract Journal
Volume/sequential designation 410(6343) 5 September 2001, 1(1)
520 ## - SUMMARY, ETC.
Summary, etc. Government-backed Constructionline's register falls 50% behind its target of 25,000 registered firms, as disenchanted contractors fail to sign up. Latest figures from the Capita Group show 10,000 registered firms and consultants - a figure which still falls short of a revised target of 20,000 issued Autumn 2000. The National Specialist Contractors Council voice concerns that existing Constructionline firms will not continue to register because they are not getting work from it.
590 ## - LOCAL NOTE (RLIN)
Local note WB
600 ## - SUBJECT ADDED ENTRY--PERSONAL NAME
Personal name ASSESSMENT
650 ## - SUBJECT ADDED ENTRY--TOPICAL TERM
Topical term or geographic name entry element CONSTRUCTIONLINE
650 ## - SUBJECT ADDED ENTRY--TOPICAL TERM
Topical term or geographic name entry element CONSTRUCTION INDUSTRY
650 ## - SUBJECT ADDED ENTRY--TOPICAL TERM
Topical term or geographic name entry element APPROVED CONTRACTORS
650 ## - SUBJECT ADDED ENTRY--TOPICAL TERM
Topical term or geographic name entry element CONSULTANTS
650 ## - SUBJECT ADDED ENTRY--TOPICAL TERM
Topical term or geographic name entry element FIRMS
650 ## - SUBJECT ADDED ENTRY--TOPICAL TERM
Topical term or geographic name entry element Procurement-old
690 ## - LOCAL SUBJECT ADDED ENTRY--TOPICAL TERM (OCLC, RLIN)
Topical term or geographic name as entry element BUILT ENVIRONMENT
942 ## - ADDED ENTRY ELEMENTS (KOHA)
Suppress in OPAC 0
Holdings
Withdrawn status Lost status Source of classification or shelving scheme Damaged status Not for loan Home library Current library Shelving location Date acquired Total Checkouts Full call number Barcode Date last seen Copy number Price effective from Koha item type
    Dewey Decimal Classification     London London News article 06/09/2001   WB3733-02 114469-1001 06/08/2019 1 06/08/2019 News article